Les Arrancars dans Bleach - Statistiques

Statistiques générales
  • Ce quiz a été pris 42 fois
  • Le résultat moyen est 18 sur 56
Statistiques - réponses
Description de l'Arrancar Nom de l'Arrancar % Correct
Primera Espada Coyote Stark
94%
Tercera Espada Tia Halibel
88%
Espada Cero et ancien Arrancar N°10 Yammy Riyalgo
88%
Sexta Espada et ancien Arrancar N°12 Grimmjow Jaggerjack
84%
Quinta Espada et ancien Octava Espada Nnoitra Gilga
84%
Cuarta Espada Ulquiorra Cifer
84%
Ancienne Tercera Espada Nelliel Tu Odelschwanck
81%
Segunda Espada Barragan Luisenbarn
78%
Novena Espada Aaroniero Arruruerie
63%
"Primera Espada" et Fracción de la Primera Espada Lilynette Gingerback
59%
Ancien Sexta Espada Luppi Antenor
59%
Séptima Espada Zommari Rureaux
56%
Octava Espada Szayelaporro Granz
53%
Arrancar N°16 et Fracción de la Sexta Espada Di Roy Rinker
38%
Arrancar N°13 et Fracción de la Sexta Espada Edrad Liones
38%
Arrancar N°41 et Fracción de l'ancienne Tercera Espada Pesche Guatiche
38%
Arrancar N°42 et Fracción de l'ancienne Tercera Espada Dondochakka Birstanne
34%
Arrancar N°11 et Fracción de la Sexta Espada Shawlong Koufang
34%
Privaron Espada N°105 et ancienne Quinta Espada Cirucci Sanderwicci
31%
Arrancar N°14 et Fracción de la Sexta Espada Nakeem Grindina
31%
Arrancar N°20 et Fracción de la Segunda Espada Charlotte Cuuhlhourne
28%
Arrancar N°26 et Fracción de la Segunda Espada Ggio Vega
28%
Arrancar N°77 Wonderweiss Margela
28%
Arrancar N°24 et Fracción de la Segunda Espada Findorr Calius
25%
Arrancar N°55 et Fracción de la Tercera Espada Franceska Mila Rose
25%
Arrancar N°22 et Fracción de la Segunda Espada Abirama Redder
22%
Arrancar N°15 et Fracción de la Sexta Espada Illfort Granz
22%
Arrancar N°33 Loly Aivirrne
22%
Arrancar N°50 et Fracción de la Quinta Espada Tesla Lindocruz
22%
Numéro inconnu qui fait partie du Vandenreich (roux) Asguiaro Ebern
19%
Arrancar N°56 et Fracción de la Tercera Espada Cyan Sung-Sun
19%
Arrancar N°54 et Fracción de la Tercera Espada Emilou Apacci
19%
Numéro inconnu qui a tué la mère d'Ichigo Grand Fisher
19%
Arrancar N°34 Menoly Mallia
19%
Arrancar N°27 et Fracción de la Segunda Espada Nirgge Parduoc
19%
Privaron Espada N°100 et ancien Espada Cero Cien Granz
16%
Arrancar N°35 Kukkapūro
16%
Arrancar N°25 et Fracción de la Segunda Espada Choe Neng Poww
13%
Arrancar N°18 Demoura Zodd
13%
Privaron Espada N°107 et ancien Séptima Espada Gantenbainne Mosqueda
13%
Numéro inconnu (Fracción de l'Octava Espada) (homme) Lumina
13%
Numéro inconnu (Fracción de l'Octava Espada) (géant) Medazeppi
13%
Numéro inconnu et ancienne Fracción de l'Octava Espada Roka Paramia
13%
Arrancar N°61 Rudbornn Chelute
13%
Numéro inconnu (Fracción de l'Octava Espada) (femme) Verona
13%
Arrancar N°17 Aisslinger Wernarr
9%
Privaron Espada N°103 et ancien Tercera Espada Dordonii Alessandro Del Socacchio
9%
Numéro inconnu qui fait partie du Vandenreich (brun) Luders Friegen
9%
Privaron Espada N°102 et ancien Segunda Espada Pícaro
9%
Numéro inconnu au service de Sōjirō Kusaka (cheveux bleus) Yin
9%
Numéro inconnu (cheveux turquoises) Arturo Plateado
6%
Numéro inconnu qui dirige la Forteresse Géante Hollow Nom inconnu
6%
Numéro inconnu qui veut détrôner Aizen (moustachu) Patros
6%
Numéo Inconnu au service de Sōjirō Kusaka (cheveux rouges) Yang
6%
Numéro inconnu qui veut détrôner Aizen (brun) Aldegor
3%
Numéro inconnu qui veut détrôner Aizen (cheveux rouges) Menis
3%
Aucun quiz correspondant
Distribution des résultats
% des personnes avec chaque résultat
Percentile par nombre de réponses
Votre historique - résultats
Vous n’avez pas pris ce quiz